| 000 | 00000nam 2200000za 4500 |
| 001 | 9.841078 |
| 003 | CaOODSP |
| 005 | 20221107152011 |
| 007 | cr ||||||||||| |
| 008 | 170804s1988 quc |o f|0| 0 eng d |
| 020 | |z0-662-56287-9 |
| 040 | |aCaOODSP|beng |
| 043 | |an-cn--- |
| 086 | 1 |aEn107-3/14-1988E-PDF|zEn107-3/14-1988 |
| 110 | 1 |aCanada. |bCanadian Environmental Assessment Agency. |
| 245 | 10|aMitigation and compensation issues in the environmental assessment process |h[electronic resource] : |ba research prospectus. |
| 260 | |aHull, Quebec : |bCanadian Environmental Assessment Research Council, |cc1988. |
| 300 | |a4 p. |
| 500 | |aDigitized edition from print. |
| 500 | |aIssued also in French under title: L’atténuation des impacts et la compensation dans le processus d’évaluation environnementale : éléments de recherche. |
| 520 | |a"To promote a better understanding of mitigation and compensation and to guide the advancement of the state of the art and its practice, the Canadian Environmental Assessment Research Council (CEARC) has identified mitigation and compensation as a major area for future research. This prospectus identifies some research issues in this field drawn from present EA approaches in Canada and outlines the role CEARC hopes to play in addressing some of those issues through a research program"--Introduction, p. 1. |
| 692 | 07|2gccst|aEnvironmental impact assessment |
| 775 | 08|tL’atténuation des impacts et la compensation dans le processus d’évaluation environnementale |w(CaOODSP)9.841089 |
| 856 | 40|qPDF|s54 KB|uhttps://publications.gc.ca/collections/collection_2017/acee-ceaa/En107-3-14-1988-eng.pdf |